Visualizzazione normale
Vista MARC
- Von Garnier Katja
di Personal Name
Records bibliografici associati: 1
001 - CONTROL NUMBER
- control field: 50275
003 - CONTROL NUMBER IDENTIFIER
- control field: IT-RoPau
005 - DATE AND TIME OF LATEST TRANSACTION
- control field: 20151202111343.0
008 - FIXED-LENGTH DATA ELEMENTS
- fixed length control field: 151202|| aca||aabn | a|a d
040 ## - CATALOGING SOURCE
- Original cataloging agency: IT-RoPau
- Transcribing agency: IT-RoPau
100 ## - HEADING--PERSONAL NAME
- Personal name: Von Garnier Katja
- Relator term: (regista)
- Miscellaneous information: Codice regista SPICS: 45896
670 ## - SOURCE DATA FOUND
- Source citation: Work cat.: (IT-RoPau)107077: Von Garnier Katja Codice regista SPICS: 45896 50272, DONNE SENZA TRUCCO DONNE SENZA TRUCCO (Rif. Codice opera principale : D7033)